La física tiene la respuesta (Record no. 143426)

MARC details
000 -LEADER
campo de control de longitud fija 00694nam a2200205 i 4500
001 - NÚMERO DE CONTROL
campo de control 143426
003 - IDENTIFICADOR DE NÚMERO DE CONTROL
campo de control ES-MaACL
005 - FECHA Y HORA DE LA ÚLTIMA TRANSACCIÓN
campo de control 20250725062539.0
007 - CAMPO FIJO DE DESCRIPCIÓN FÍSICA--INFORMACIÓN GENERAL
campo de control de longitud fija t|
008 - DATOS DE LONGITUD FIJA--INFORMACIÓN GENERAL
campo de control de longitud fija 070214s1959 sp a |||| | spa d
100 1# - ENTRADA PRINCIPAL--NOMBRE DE PERSONA
Nombre de persona Senent, F.
9 (RLIN) 105455
245 13 - MENCIÓN DEL TÍTULO
Título La física tiene la respuesta
Resto del título : 1700 cuestiones de física /
Mención de responsabilidad, etc. F. Senent, J. Aguilar ; prólogo de Joaquín Catalá de Alemany.
260 ## - PUBLICACIÓN, DISTRIBUCIÓN, ETC.
Lugar de publicación, distribución, etc. Valencia :
Nombre del editor, distribuidor, etc. [s.n.],
Fecha de publicación, distribución, etc. 1959 (
Fabricante Sucesores de Vives Mora)
300 ## - DESCRIPCIÓN FÍSICA
Extensión XII, 298 p. :
Otras características físicas il. ;
Dimensiones 24 cm.
650 07 - PUNTO DE ACCESO ADICIONAL DE MATERIA--TÉRMINO DE MATERIA
Término de materia o nombre geográfico como elemento de entrada Física
Fuente del encabezamiento o término embne
9 (RLIN) 12877
700 1# - ENTRADA AGREGADA--NOMBRE PERSONAL
Nombre de persona Aguilar Peris, José.
9 (RLIN) 18743
700 1# - ENTRADA AGREGADA--NOMBRE PERSONAL
Nombre de persona Catalá de Alemany, Joaquín.
9 (RLIN) 37008
852 ## - LOCALIZACIÓN
Ubicación ES-MaACL
Número de control de estantería C-8631
Holdings
Estatus retirado Estado de pérdida Estado de daño No para préstamo Biblioteca de origen Biblioteca actual Ubicación en estantería Fecha de adquisición Fuente de adquisición Total de préstamos Signatura topográfica completa Código de barras Visto por última vez Precio de reemplazo Tipo de ítem Koha
        Biblioteca del Ateneo de Madrid Biblioteca del Ateneo de Madrid Sala Palomar 17/01/2008     C-8631 1149223 23/02/2023 23/02/2023 Libro impreso